000 00301nam a2200133Ia 4500
005 20260328104325.0
008 260328s9999||||xx |||||||||||||| ||und||
100 _aGrabar, André
245 0 _aGreek Mosaics /
_cAndré Grabar
260 _bMentor
300 _a70 p.
650 _aARTE
942 _cBK
999 _c11498
_d11498